Girona FC Squad 2017-2018 - Statistics

General Stats
  • This quiz has been taken 33 times
  • The average score is 17 of 26
Answer Stats
# Position Nation Player % Correct
7 FW Uruguay Cristhian Stuani
100%
13 GK Morocco Yassine Bounou
100%
9 MF Spain Portu
95%
2 DF Colombia Bernardo Espinosa
86%
19 FW Honduras Choco Lozano
86%
3 DF Colombia Johan Mojica
86%
8 MF Spain Pere Pons
86%
23 MF Spain Aleix García
82%
6 MF Spain Álex Granell
82%
- Coach Spain Pablo Machín
82%
24 MF Spain Borja García
77%
15 DF Spain Juanpe Ramírez
77%
12 MF Brazil Douglas Luiz
68%
1 GK Spain Gorka Iraizoz
68%
25 DF Argentina Pablo Maffeo
68%
11 DF Spain Aday Benítez
64%
14 FW Kenya Michael Olunga
64%
5 DF Spain Pedro Alcalá
50%
10 MF Spain Eloi Amagat
41%
4 DF Spain Jonás Ramalho
41%
20 DF Spain Marc Muniesa
41%
21 DF Spain Carles Planas
27%
16 MF Spain David Timor
23%
17 FW Colombia Marlos Moreno
23%
18 FW Nigeria Olarenwaju Kayode
23%
19 MF Algeria Farid Boulaya
14%
No matching quizzes found
Score Distribution
Percent of People with Each Score
Percentile by Number Answered
Your Score History
You have not taken this quiz